000 00903nam a2200193 4500
005 20260129115531.0
008 260120b |||||||| |||| 00| 0 eng d
020 _a9788119314270
041 _aEnglish
082 _a745.4
_bPAN
100 _aPande Alka
_9216367
245 _a108 Portraits of Indian Design
260 _aNew Delhi
_bArthshila Trust
_c2023
300 _a283
365 _b803.33
_cRs.00
520 _a• INTRODUCTION: THE FORMALIZING OF BEAUTY • DISCIPLINES OF DESIGN • GRAPHICS, LOGOS & EDITORIAL DESIGN • FURNITURE & INTERIOR DESIGN • FASHION & TEXTILE DESIGN • JEWELLERY DESIGN • INDUSTRIAL & AUTOMOBILE DESIGN • PRODUCT DESIGN • LEATHER & SHOE DESIGN • ART & DESIGN • INSPIRED BY INDIA • SIGNIFICANCE OF 108 • AN AESTHETIC EXPERIENCE: • VISUAL BALANCE • SUGGESTED READINGS • IMAGE CREDITS
650 _aDesign
942 _cBK
999 _c369917
_d369917